El hijo alegre de la caña de azúcar : (Registro nro. 11310)
[ vista simple ]
| 000 -CABECERA | |
|---|---|
| campo de control de longitud fija | 00806cam a2200241 a 4500 |
| 001 - NÚMERO DE CONTROL | |
| campo de control | 000011617 |
| 005 - FECHA Y HORA DE LA ÚLTIMA TRANSACCIÓN | |
| campo de control | 20200929162514.0 |
| 008 - DATOS DE LONGITUD FIJA--INFORMACIÓN GENERAL | |
| campo de control de longitud fija | 860905s1988 cu a b 000 0 spa d |
| 040 ## - FUENTE DE LA CATALOGACIÓN | |
| Centro catalogador/agencia de origen | DO-SdBNP |
| Lengua de catalogación | spa |
| Centro/agencia transcriptor | LC |
| Centro/agencia modificador | BNPHU |
| 082 ## - NÚMERO DE LA CLASIFICACIÓN DECIMAL DEWEY | |
| Número de clasificación | 641.2597291 |
| Número de documento/Ítem | C198h, 1988 |
| 049 ## - FONDOS LOCALES (OCLC) | |
| Fondos de biblioteca | BNPHU |
| 100 1# - ENTRADA PRINCIPAL--NOMBRE DE PERSONA | |
| Nombre de persona | Campoamor, Fernando G., |
| Fechas asociadas al nombre | 1914- |
| 9 (RLIN) | 27479 |
| 245 13 - MENCIÓN DE TÍTULO | |
| Título | El hijo alegre de la caña de azúcar : |
| Resto del título | biografía del ron cubana / |
| Mención de responsabilidad, etc. | Fernando G. Campoamor. |
| 250 ## - MENCIÓN DE EDICIÓN | |
| Mención de edición | 2a ed. |
| 260 ## - PUBLICACIÓN, DISTRIBUCIÓN, ETC. | |
| Lugar de publicación, distribución, etc. | La Habana : |
| Nombre del editor, distribuidor, etc. | Científico-Técnica, |
| Fecha de publicación, distribución, etc. | 1988. |
| 300 ## - DESCRIPCIÓN FÍSICA | |
| Extensión | 147 p. : |
| Otras características físicas | il. ; |
| Dimensiones | 23 cm. |
| 650 #4 - PUNTO DE ACCESO ADICIONAL DE MATERIA--TÉRMINO DE MATERIA | |
| Término de materia o nombre geográfico como elemento de entrada | Ron |
| Subdivisión general | Historia |
| Subdivisión geográfica | Cuba |
| 9 (RLIN) | 27480 |
| 650 #4 - PUNTO DE ACCESO ADICIONAL DE MATERIA--TÉRMINO DE MATERIA | |
| Término de materia o nombre geográfico como elemento de entrada | Industria licorera |
| Subdivisión geográfica | Cuba |
| 9 (RLIN) | 27481 |
| 650 #4 - PUNTO DE ACCESO ADICIONAL DE MATERIA--TÉRMINO DE MATERIA | |
| Término de materia o nombre geográfico como elemento de entrada | Alcohol |
| 9 (RLIN) | 27482 |
| 650 #4 - PUNTO DE ACCESO ADICIONAL DE MATERIA--TÉRMINO DE MATERIA | |
| Término de materia o nombre geográfico como elemento de entrada | Productos de la caña de azúcar |
| Subdivisión geográfica | Cuba |
| 9 (RLIN) | 27483 |
| 650 #4 - PUNTO DE ACCESO ADICIONAL DE MATERIA--TÉRMINO DE MATERIA | |
| Término de materia o nombre geográfico como elemento de entrada | Destilación |
| 9 (RLIN) | 27484 |
| 910 ## - DATOS DE OPCIÓN DEL USUARIO (OCLC) | |
| Datos de opción del usuario | Catalogación derivada |
| Estado de retiro | Estado de pérdida | Restricciones de uso | No para préstamo | Código de colección | Localización permanente | Ubicación/localización actual | Ubicación en estantería | Fecha de adquisición | Número de inventario | Total de préstamos | Signatura topográfica completa | Código de barras | Fecha visto por última vez | Precio válido a partir de | Tipo de ítem Koha |
|---|---|---|---|---|---|---|---|---|---|---|---|---|---|---|---|
| Préstamo interno | Monografías: Libros y Folletos | General | General | En catalogación | 21.10.2009 | LF1 | 641.2597291 C198h, 1988 | 11617-10 | 25.06.2020 | 25.06.2020 | Préstamo interno |
